Statistics for Battle of Midway 1942 - Aircraft Carriers

Click here to take the quiz!

General Stats

  • This quiz has been taken 275 times
  • The average score is 6 of 7

Answer Stats

HintAnswer% Correct
AmericanUSS Yorktown
93%
AmericanUSS Enterprise
91%
AmericanUSS Hornet
88%
JapaneseAkagi
78%
JapaneseHiryu
71%
JapaneseKaga
71%
JapaneseSoryu
71%

Score Distribution

Percentile by Number Answered

Percent of People with Each Score

Your Score History

You have not taken this quiz